[Event "DEM U10w 2025"]
[Site "Willingen GER"]
[Date "2025.06.11"]
[Round "6"]
[White "Müller, Greta Waltraud"]
[Black "Kotliarova, Emily"]
[Result "0-1"]
[Termination "normal"]
[Board "5"]
[WhiteElo "1362"]
[BlackElo "1480"]
[WhiteClock "00:41:06"]
[BlackClock "00:50:15"]
[PlyCount "58"]
[WhiteFideId "533043590"]
[BlackFideId "34694390"]
[EventCountry "GER"]
[EventRounds "9"]
[EventType "swiss"]
[EventDate "2025.06.07"]

1. e4 {[%clk 01:30:53]} {[%emt 00:00:07]} e5 {[%clk 01:30:55]} {[%emt
00:00:06]} 2. Nf3 {[%clk 01:31:16]} {[%emt 00:00:06]} d5 {[%clk 01:31:18]}
{[%emt 00:00:07]} 3. exd5 {[%clk 01:31:27]} {[%emt 00:00:19]} e4 {[%clk
01:31:41]} {[%emt 00:00:07]} 4. Qe2 {[%clk 01:30:13]} {[%emt 00:01:42]} Nf6
{[%clk 01:29:20]} {[%emt 00:02:53]} 5. c4 {[%clk 01:25:07]} {[%emt 00:05:36]}
Bc5 {[%clk 01:27:45]} {[%emt 00:02:05]} 6. d4 {[%clk 01:24:39]} {[%emt
00:00:58]} Bb4+ {[%clk 01:27:53]} {[%emt 00:00:23]} 7. Bd2 {[%clk 01:24:45]}
{[%emt 00:00:22]} Qe7 {[%clk 01:25:50]} {[%emt 00:02:33]} 8. Ng1 {[%clk
01:24:08]} {[%emt 00:01:02]} O-O {[%clk 01:25:21]} {[%emt 00:01:05]} 9. Nc3
{[%clk 01:20:10]} {[%emt 00:04:28]} Bd7 {[%clk 01:23:19]} {[%emt 00:02:32]} 10.
O-O-O {[%clk 01:18:33]} {[%emt 00:02:07]} a6 {[%clk 01:23:22]} {[%emt
00:00:27]} 11. f3 {[%clk 01:18:33]} {[%emt 00:00:29]} Bxc3 {[%clk 01:23:29]}
{[%emt 00:00:23]} 12. Bxc3 {[%clk 01:18:46]} {[%emt 00:00:17]} b5 {[%clk
01:22:21]} {[%emt 00:01:39]} 13. Re1 {[%clk 01:18:23]} {[%emt 00:00:52]} Re8
{[%clk 01:21:38]} {[%emt 00:01:14]} 14. g3 {[%clk 01:16:31]} {[%emt 00:02:21]}
bxc4 {[%clk 01:17:23]} {[%emt 00:04:46]} 15. Qxc4 {[%clk 01:16:42]} {[%emt
00:00:19]} Bb5 {[%clk 01:17:18]} {[%emt 00:00:35]} 16. Qb3 {[%clk 01:15:18]}
{[%emt 00:01:47]} Bxf1 {[%clk 01:16:22]} {[%emt 00:01:32]} 17. Rxf1 {[%clk
01:15:41]} {[%emt 00:00:08]} exf3 {[%clk 01:15:45]} {[%emt 00:01:07]} 18. Rxf3
{[%clk 01:14:52]} {[%emt 00:01:19]} Nbd7 {[%clk 01:14:35]} {[%emt 00:01:40]}
19. Ba5 {[%clk 00:58:04]} {[%emt 00:17:14]} Nb6 {[%clk 01:01:04]} {[%emt
00:14:05]} 20. Bxb6 {[%clk 00:57:07]} {[%emt 00:01:27]} cxb6 {[%clk 01:00:54]}
{[%emt 00:00:40]} 21. Nh3 {[%clk 00:57:08]} {[%emt 00:00:08]} Rac8+ {[%clk
00:57:33]} {[%emt 00:04:12]} 22. Rc3 {[%clk 00:55:51]} {[%emt 00:01:43]} Qe3+
{[%clk 00:57:06]} {[%emt 00:00:59]} 23. Kd1 {[%clk 00:52:31]} {[%emt 00:03:47]}
Qxd4+ {[%clk 00:55:21]} {[%emt 00:02:19]} 24. Kc1 {[%clk 00:46:33]} {[%emt
00:06:26]} Ne4 {[%clk 00:51:23]} {[%emt 00:04:31]} 25. Rxc8 {[%clk 00:44:33]}
{[%emt 00:02:30]} Rxc8+ {[%clk 00:50:30]} {[%emt 00:01:23]} 26. Qc2 {[%clk
00:40:56]} {[%emt 00:04:01]} Qd2+ {[%clk 00:49:04]} {[%emt 00:02:02]} 27. Kb1
{[%clk 00:40:48]} {[%emt 00:00:38]} Qxc2+ {[%clk 00:49:27]} {[%emt 00:00:07]}
28. Ka1 {[%clk 00:40:41]} {[%emt 00:00:36]} Qc1+ {[%clk 00:49:50]} {[%emt
00:00:08]} 29. Rxc1 {[%clk 00:41:06]} {[%emt 00:00:05]} Rxc1# {[%clk 00:50:15]}
{[%emt 00:00:05]} 0-1

[Event "DEM U10w 2025"]
[Site "Willingen GER"]
[Date "2025.06.11"]
[Round "6"]
[White "Helbig, Frieda"]
[Black "Kandora, Shirley"]
[Result "1-0"]
[Termination "normal"]
[Board "6"]
[WhiteElo "1449"]
[BlackElo "1579"]
[WhiteClock "01:15:37"]
[BlackClock "01:14:25"]
[PlyCount "107"]
[WhiteFideId "533010161"]
[BlackFideId "533016038"]
[EventCountry "GER"]
[EventRounds "9"]
[EventType "swiss"]
[EventDate "2025.06.07"]

1. d4 {[%clk 01:30:54]} {[%emt 00:00:05]} d5 {[%clk 01:30:50]} {[%emt
00:00:11]} 2. Bf4 {[%clk 01:31:10]} {[%emt 00:00:14]} Nf6 {[%clk 01:31:00]}
{[%emt 00:00:19]} 3. e3 {[%clk 01:31:00]} {[%emt 00:00:39]} c5 {[%clk
01:30:33]} {[%emt 00:00:57]} 4. c3 {[%clk 01:30:59]} {[%emt 00:00:28]} Nc6
{[%clk 01:30:36]} {[%emt 00:00:31]} 5. Nd2 {[%clk 01:31:00]} {[%emt 00:00:26]}
e6 {[%clk 01:30:00]} {[%emt 00:01:09]} 6. Ngf3 {[%clk 01:31:00]} {[%emt
00:00:31]} a6 {[%clk 01:29:05]} {[%emt 00:01:25]} 7. Bd3 {[%clk 01:30:39]}
{[%emt 00:00:49]} Be7 {[%clk 01:26:47]} {[%emt 00:02:49]} 8. O-O {[%clk
01:29:59]} {[%emt 00:01:10]} O-O {[%clk 01:26:58]} {[%emt 00:00:19]} 9. h3
{[%clk 01:29:00]} {[%emt 00:01:28]} h6 {[%clk 01:26:32]} {[%emt 00:00:57]} 10.
Rc1 {[%clk 01:28:29]} {[%emt 00:00:59]} Re8 {[%clk 01:26:02]} {[%emt 00:01:02]}
11. Re1 {[%clk 01:26:00]} {[%emt 00:02:58]} Bd6 {[%clk 01:24:40]} {[%emt
00:01:53]} 12. Ne5 {[%clk 01:25:00]} {[%emt 00:01:30]} Nd7 {[%clk 01:24:02]}
{[%emt 00:01:05]} 13. Nxc6 {[%clk 01:24:09]} {[%emt 00:01:25]} bxc6 {[%clk
01:22:49]} {[%emt 00:01:42]} 14. Bxd6 {[%clk 01:24:18]} {[%emt 00:00:22]} c4
{[%clk 01:21:17]} {[%emt 00:02:01]} 15. Bc2 {[%clk 01:23:29]} {[%emt 00:01:17]}
Nf6 {[%clk 01:20:41]} {[%emt 00:01:05]} 16. Bf4 {[%clk 01:23:14]} {[%emt
00:00:45]} Qe7 {[%clk 01:18:10]} {[%emt 00:03:04]} 17. e4 {[%clk 01:21:29]}
{[%emt 00:02:14]} c5 {[%clk 01:16:24]} {[%emt 00:02:16]} 18. dxc5 {[%clk
01:17:34]} {[%emt 00:04:27]} Qxc5 {[%clk 01:15:54]} {[%emt 00:00:58]} 19. exd5
{[%clk 01:16:48]} {[%emt 00:01:16]} Qxd5 {[%clk 01:15:36]} {[%emt 00:00:48]}
20. Ne4 {[%clk 01:14:59]} {[%emt 00:02:20]} Qxd1 {[%clk 01:14:22]} {[%emt
00:01:43]} 21. Nxf6+ {[%clk 01:14:47]} {[%emt 00:00:42]} gxf6 {[%clk 01:14:12]}
{[%emt 00:00:40]} 22. Rcxd1 {[%clk 01:14:59]} {[%emt 00:00:20]} Kg7 {[%clk
01:13:47]} {[%emt 00:00:54]} 23. Re3 {[%clk 01:14:35]} {[%emt 00:00:54]} h5
{[%clk 01:12:17]} {[%emt 00:02:00]} 24. Rg3+ {[%clk 01:14:38]} {[%emt
00:00:25]} Kf8 {[%clk 01:11:40]} {[%emt 00:01:08]} 25. Bd6+ {[%clk 01:14:43]}
{[%emt 00:00:26]} Re7 {[%clk 01:11:11]} {[%emt 00:01:00]} 26. Bh7 {[%clk
01:14:20]} {[%emt 00:00:47]} Ke8 {[%clk 01:11:09]} {[%emt 00:00:36]} 27. Bxe7
{[%clk 01:14:08]} {[%emt 00:00:44]} Kxe7 {[%clk 01:11:23]} {[%emt 00:00:16]}
28. Rg8 {[%clk 01:14:19]} {[%emt 00:00:16]} Bb7 {[%clk 01:11:22]} {[%emt
00:00:33]} 29. Rxa8 {[%clk 01:14:14]} {[%emt 00:00:35]} Bxa8 {[%clk 01:11:38]}
{[%emt 00:00:14]} 30. Rd4 {[%clk 01:14:02]} {[%emt 00:00:40]} Bd5 {[%clk
01:11:52]} {[%emt 00:00:19]} 31. Be4 {[%clk 01:14:19]} {[%emt 00:00:12]} Kd6
{[%clk 01:11:45]} {[%emt 00:00:38]} 32. Bxd5 {[%clk 01:14:06]} {[%emt
00:00:43]} exd5 {[%clk 01:11:56]} {[%emt 00:00:18]} 33. b3 {[%clk 01:14:14]}
{[%emt 00:00:23]} Kc5 {[%clk 01:09:49]} {[%emt 00:02:36]} 34. bxc4 {[%clk
01:13:35]} {[%emt 00:01:09]} dxc4 {[%clk 01:10:08]} {[%emt 00:00:12]} 35. Rh4
{[%clk 01:13:46]} {[%emt 00:00:17]} Kb5 {[%clk 01:10:05]} {[%emt 00:00:35]} 36.
Rxh5+ {[%clk 01:13:49]} {[%emt 00:00:27]} Ka4 {[%clk 01:10:07]} {[%emt
00:00:27]} 37. Rc5 {[%clk 01:13:56]} {[%emt 00:00:17]} Ka3 {[%clk 01:10:08]}
{[%emt 00:00:36]} 38. Rxc4 {[%clk 01:14:07]} {[%emt 00:00:18]} Kxa2 {[%clk
01:10:10]} {[%emt 00:00:27]} 39. Ra4+ {[%clk 01:14:22]} {[%emt 00:00:13]} Kb2
{[%clk 01:10:22]} {[%emt 00:00:20]} 40. Rxa6 {[%clk 01:14:17]} {[%emt
00:00:37]} Kxc3 {[%clk 01:10:43]} {[%emt 00:00:08]} 41. Rxf6 {[%clk 01:14:34]}
{[%emt 00:00:13]} Kd4 {[%clk 01:11:02]} {[%emt 00:00:11]} 42. Rxf7 {[%clk
01:14:52]} {[%emt 00:00:11]} Ke5 {[%clk 01:11:20]} {[%emt 00:00:13]} 43. h4
{[%clk 01:14:58]} {[%emt 00:00:24]} Ke6 {[%clk 01:11:39]} {[%emt 00:00:11]} 44.
Rf3 {[%clk 01:15:21]} {[%emt 00:00:07]} Ke5 {[%clk 01:11:59]} {[%emt 00:00:11]}
45. h5 {[%clk 01:15:44]} {[%emt 00:00:07]} Ke4 {[%clk 01:12:15]} {[%emt
00:00:13]} 46. h6 {[%clk 01:13:50]} {[%emt 00:02:24]} Ke5 {[%clk 01:12:39]}
{[%emt 00:00:06]} 47. h7 {[%clk 01:14:09]} {[%emt 00:00:11]} Ke4 {[%clk
01:12:54]} {[%emt 00:00:15]} 48. h8=Q {[%clk 01:14:24]} {[%emt 00:00:15]} Kd5
{[%clk 01:13:14]} {[%emt 00:00:11]} 49. Qf6 {[%clk 01:14:18]} {[%emt 00:00:32]}
Ke4 {[%clk 01:13:31]} {[%emt 00:00:16]} 50. Qf5+ {[%clk 01:14:36]} {[%emt
00:00:12]} Kd4 {[%clk 01:13:48]} {[%emt 00:00:13]} 51. Rd3+ {[%clk 01:14:42]}
{[%emt 00:00:24]} Kc4 {[%clk 01:13:59]} {[%emt 00:00:19]} 52. Qd5+ {[%clk
01:14:59]} {[%emt 00:00:14]} Kb4 {[%clk 01:14:08]} {[%emt 00:00:21]} 53. Rb3+
{[%clk 01:15:17]} {[%emt 00:00:12]} Ka4 {[%clk 01:14:25]} {[%emt 00:00:13]} 54.
Qb5# {[%clk 01:15:37]} {[%emt 00:00:10]} 1-0

[Event "DEM U10w 2025"]
[Site "Willingen GER"]
[Date "2025.06.11"]
[Round "6"]
[White "Goyush, Shams"]
[Black "Rose, Malina Rita"]
[Result "1/2-1/2"]
[Termination "normal"]
[Board "7"]
[WhiteElo "1132"]
[BlackElo "1549"]
[WhiteClock "00:31:49"]
[BlackClock "00:44:07"]
[PlyCount "79"]
[WhiteFideId "533030855"]
[BlackFideId "34665749"]
[EventCountry "GER"]
[EventRounds "9"]
[EventType "swiss"]
[EventDate "2025.06.07"]

1. e4 {[%clk 01:30:57]} {[%emt 00:00:02]} e6 {[%clk 01:30:46]} {[%emt
00:00:15]} 2. d4 {[%clk 01:31:14]} {[%emt 00:00:13]} d5 {[%clk 01:31:05]}
{[%emt 00:00:11]} 3. e5 {[%clk 01:31:29]} {[%emt 00:00:14]} c5 {[%clk
01:31:23]} {[%emt 00:00:13]} 4. c3 {[%clk 01:31:53]} {[%emt 00:00:06]} Nc6
{[%clk 01:31:44]} {[%emt 00:00:09]} 5. Nf3 {[%clk 01:32:18]} {[%emt 00:00:05]}
Qb6 {[%clk 01:31:55]} {[%emt 00:00:20]} 6. Na3 {[%clk 01:32:22]} {[%emt
00:00:25]} cxd4 {[%clk 01:29:41]} {[%emt 00:02:42]} 7. cxd4 {[%clk 01:31:37]}
{[%emt 00:01:17]} Bxa3 {[%clk 01:29:50]} {[%emt 00:00:22]} 8. bxa3 {[%clk
01:31:52]} {[%emt 00:00:14]} Bd7 {[%clk 01:29:06]} {[%emt 00:01:15]} 9. Be3
{[%clk 01:27:36]} {[%emt 00:04:45]} Qa5+ {[%clk 01:29:06]} {[%emt 00:00:29]}
10. Qd2 {[%clk 01:26:56]} {[%emt 00:01:12]} Qxa3 {[%clk 01:28:21]} {[%emt
00:01:16]} 11. Rb1 {[%clk 01:26:18]} {[%emt 00:01:07]} b6 {[%clk 01:24:52]}
{[%emt 00:04:00]} 12. Bd3 {[%clk 01:25:55]} {[%emt 00:00:49]} Qa5 {[%clk
01:16:42]} {[%emt 00:08:43]} 13. O-O {[%clk 01:16:41]} {[%emt 00:09:43]} Qxd2
{[%clk 01:16:56]} {[%emt 00:00:16]} 14. Bxd2 {[%clk 01:16:59]} {[%emt
00:00:12]} Nge7 {[%clk 01:17:13]} {[%emt 00:00:13]} 15. Rfc1 {[%clk 01:16:03]}
{[%emt 00:01:26]} O-O {[%clk 01:17:01]} {[%emt 00:00:42]} 16. Bg5 {[%clk
01:12:26]} {[%emt 00:04:07]} Rac8 {[%clk 01:08:17]} {[%emt 00:09:15]} 17. Ba6
{[%clk 01:11:00]} {[%emt 00:01:55]} Rb8 {[%clk 01:05:55]} {[%emt 00:02:53]} 18.
Bb5 {[%clk 01:07:34]} {[%emt 00:03:56]} Be8 {[%clk 01:01:20]} {[%emt 00:05:05]}
19. Bxc6 {[%clk 01:00:35]} {[%emt 00:07:29]} Nxc6 {[%clk 01:01:31]} {[%emt
00:00:19]} 20. Rc3 {[%clk 00:52:26]} {[%emt 00:08:36]} Bd7 {[%clk 01:00:49]}
{[%emt 00:01:15]} 21. Bc1 {[%clk 00:50:41]} {[%emt 00:02:12]} f6 {[%clk
00:59:18]} {[%emt 00:02:04]} 22. Ba3 {[%clk 00:50:27]} {[%emt 00:00:44]} Rf7
{[%clk 00:58:41]} {[%emt 00:01:07]} 23. Bd6 {[%clk 00:50:30]} {[%emt 00:00:26]}
Rd8 {[%clk 00:57:27]} {[%emt 00:01:43]} 24. Rbc1 {[%clk 00:44:50]} {[%emt
00:06:11]} Na5 {[%clk 00:56:33]} {[%emt 00:01:25]} 25. Nd2 {[%clk 00:43:09]}
{[%emt 00:02:05]} fxe5 {[%clk 00:56:47]} {[%emt 00:00:21]} 26. Bxe5 {[%clk
00:43:28]} {[%emt 00:00:12]} Bb5 {[%clk 00:51:23]} {[%emt 00:05:53]} 27. Rc7
{[%clk 00:42:26]} {[%emt 00:01:32]} Rxc7 {[%clk 00:50:22]} {[%emt 00:01:31]}
28. Rxc7 {[%clk 00:41:06]} {[%emt 00:01:50]} Rd7 {[%clk 00:49:54]} {[%emt
00:00:58]} 29. Rc8+ {[%clk 00:40:32]} {[%emt 00:01:04]} Kf7 {[%clk 00:49:36]}
{[%emt 00:00:48]} 30. Nf3 {[%clk 00:40:19]} {[%emt 00:00:42]} h6 {[%clk
00:49:18]} {[%emt 00:00:49]} 31. g4 {[%clk 00:36:54]} {[%emt 00:03:55]} Bc4
{[%clk 00:49:06]} {[%emt 00:00:43]} 32. g5 {[%clk 00:36:14]} {[%emt 00:01:10]}
Bxa2 {[%clk 00:48:46]} {[%emt 00:00:50]} 33. gxh6 {[%clk 00:35:25]} {[%emt
00:01:19]} gxh6 {[%clk 00:48:57]} {[%emt 00:00:17]} 34. Rh8 {[%clk 00:35:40]}
{[%emt 00:00:16]} Kg6 {[%clk 00:48:37]} {[%emt 00:00:50]} 35. Bf4 {[%clk
00:34:51]} {[%emt 00:01:19]} h5 {[%clk 00:48:29]} {[%emt 00:00:39]} 36. Nh4+
{[%clk 00:34:07]} {[%emt 00:01:14]} Kf7 {[%clk 00:47:12]} {[%emt 00:01:34]} 37.
Rh7+ {[%clk 00:33:35]} {[%emt 00:01:14]} Ke8 {[%clk 00:46:13]} {[%emt
00:01:29]} 38. Rh8+ {[%clk 00:32:24]} {[%emt 00:01:42]} Ke7 {[%clk 00:44:30]}
{[%emt 00:02:13]} 39. Rh7+ {[%clk 00:31:33]} {[%emt 00:01:21]} Kd8 {[%clk
00:44:07]} {[%emt 00:00:52]} 40. Rh8+ {[%clk 00:31:49]} {[%emt 00:00:15]}
1/2-1/2

[Event "DEM U10w 2025"]
[Site "Willingen GER"]
[Date "2025.06.11"]
[Round "6"]
[White "Sniegowski, Amalia"]
[Black "Mudriievskaya, Esther"]
[Result "1-0"]
[Termination "normal"]
[Board "8"]
[WhiteElo "1411"]
[BlackElo "1505"]
[WhiteClock "00:10:25"]
[BlackClock "00:34:13"]
[PlyCount "79"]
[WhiteFideId "34675620"]
[BlackFideId "34676465"]
[EventCountry "GER"]
[EventRounds "9"]
[EventType "swiss"]
[EventDate "2025.06.07"]

1. e4 {[%clk 01:30:58]} {[%emt 00:00:01]} c5 {[%clk 01:30:47]} {[%emt
00:00:13]} 2. c3 {[%clk 01:31:20]} {[%emt 00:00:07]} e6 {[%clk 01:30:49]}
{[%emt 00:00:28]} 3. d4 {[%clk 01:31:28]} {[%emt 00:00:23]} Qc7 {[%clk
01:26:15]} {[%emt 00:05:04]} 4. Nd2 {[%clk 01:28:32]} {[%emt 00:03:26]} Nc6
{[%clk 01:22:23]} {[%emt 00:04:14]} 5. Ngf3 {[%clk 01:25:59]} {[%emt 00:03:12]}
Be7 {[%clk 01:19:21]} {[%emt 00:03:31]} 6. Bc4 {[%clk 01:23:04]} {[%emt
00:03:26]} Nf6 {[%clk 01:14:52]} {[%emt 00:04:58]} 7. O-O {[%clk 01:17:24]}
{[%emt 00:06:10]} O-O {[%clk 01:11:52]} {[%emt 00:03:30]} 8. Re1 {[%clk
01:13:08]} {[%emt 00:04:46]} Na5 {[%clk 01:10:13]} {[%emt 00:02:09]} 9. Ne5
{[%clk 00:53:24]} {[%emt 00:20:13]} d6 {[%clk 01:07:31]} {[%emt 00:03:12]} 10.
Nef3 {[%clk 00:43:32]} {[%emt 00:10:22]} cxd4 {[%clk 01:06:34]} {[%emt
00:01:26]} 11. Qe2 {[%clk 00:37:51]} {[%emt 00:06:12]} dxc3 {[%clk 01:02:59]}
{[%emt 00:04:06]} 12. bxc3 {[%clk 00:37:37]} {[%emt 00:00:44]} Nxc4 {[%clk
01:00:35]} {[%emt 00:02:54]} 13. Nxc4 {[%clk 00:37:07]} {[%emt 00:01:00]} Nxe4
{[%clk 00:59:46]} {[%emt 00:01:19]} 14. Qxe4 {[%clk 00:34:43]} {[%emt
00:02:54]} d5 {[%clk 00:59:31]} {[%emt 00:00:44]} 15. Qg4 {[%clk 00:32:52]}
{[%emt 00:02:19]} Qxc4 {[%clk 00:58:45]} {[%emt 00:01:18]} 16. Ne5 {[%clk
00:26:11]} {[%emt 00:07:12]} Qxg4 {[%clk 00:54:23]} {[%emt 00:04:52]} 17. Nxg4
{[%clk 00:26:21]} {[%emt 00:00:19]} Bd7 {[%clk 00:51:23]} {[%emt 00:03:29]} 18.
Ne3 {[%clk 00:24:56]} {[%emt 00:01:56]} Bf6 {[%clk 00:49:30]} {[%emt 00:02:23]}
19. Bb2 {[%clk 00:23:57]} {[%emt 00:01:30]} Rac8 {[%clk 00:47:12]} {[%emt
00:02:47]} 20. Rec1 {[%clk 00:23:17]} {[%emt 00:01:11]} Rc7 {[%clk 00:45:39]}
{[%emt 00:02:03]} 21. Rc2 {[%clk 00:21:32]} {[%emt 00:02:15]} Rfc8 {[%clk
00:44:38]} {[%emt 00:01:27]} 22. Rac1 {[%clk 00:20:52]} {[%emt 00:01:14]} Ba4
{[%clk 00:41:02]} {[%emt 00:04:05]} 23. Rd2 {[%clk 00:19:37]} {[%emt 00:01:45]}
Bxc3 {[%clk 00:39:38]} {[%emt 00:01:55]} 24. Bxc3 {[%clk 00:19:42]} {[%emt
00:00:25]} Rxc3 {[%clk 00:40:00]} {[%emt 00:00:08]} 25. Rxc3 {[%clk 00:19:58]}
{[%emt 00:00:13]} Rxc3 {[%clk 00:39:50]} {[%emt 00:00:40]} 26. h3 {[%clk
00:19:07]} {[%emt 00:01:21]} b5 {[%clk 00:37:28]} {[%emt 00:02:52]} 27. Rb2
{[%clk 00:17:04]} {[%emt 00:02:34]} a5 {[%clk 00:35:24]} {[%emt 00:02:34]} 28.
Rb1 {[%clk 00:15:50]} {[%emt 00:01:43]} d4 {[%clk 00:34:40]} {[%emt 00:01:15]}
29. Ng4 {[%clk 00:15:26]} {[%emt 00:00:53]} d3 {[%clk 00:33:58]} {[%emt
00:01:13]} 30. Ne3 {[%clk 00:15:27]} {[%emt 00:00:28]} d2 {[%clk 00:34:22]}
{[%emt 00:00:06]} 31. Kh2 {[%clk 00:11:50]} {[%emt 00:04:08]} Rc1 {[%clk
00:34:44]} {[%emt 00:00:08]} 32. Rb2 {[%clk 00:10:54]} {[%emt 00:01:26]} d1=Q
{[%clk 00:34:43]} {[%emt 00:00:30]} 33. Nxd1 {[%clk 00:11:13]} {[%emt
00:00:11]} Rxd1 {[%clk 00:35:07]} {[%emt 00:00:06]} 34. Re2 {[%clk 00:11:20]}
{[%emt 00:00:24]} b4 {[%clk 00:34:22]} {[%emt 00:01:16]} 35. Re5 {[%clk
00:11:02]} {[%emt 00:00:47]} Rd5 {[%clk 00:34:16]} {[%emt 00:00:36]} 36. Re4
{[%clk 00:11:04]} {[%emt 00:00:26]} b3 {[%clk 00:34:21]} {[%emt 00:00:27]} 37.
Rc4 {[%clk 00:10:09]} {[%emt 00:01:25]} b2 {[%clk 00:34:23]} {[%emt 00:00:28]}
38. Rc8+ {[%clk 00:10:19]} {[%emt 00:00:21]} Rd8 {[%clk 00:33:48]} {[%emt
00:01:05]} 39. Rxd8+ {[%clk 00:10:38]} {[%emt 00:00:10]} Be8 {[%clk 00:34:13]}
{[%emt 00:00:05]} 40. Rxe8# {[%clk 00:10:25]} {[%emt 00:00:11]} 1-0

[Event "DEM U10w 2025"]
[Site "Willingen GER"]
[Date "2025.06.11"]
[Round "6"]
[White "Gubler, Miriam"]
[Black "Severin, Selina Jasmin"]
[Result "1-0"]
[Termination "normal"]
[Board "9"]
[WhiteElo "1188"]
[BlackElo "1148"]
[WhiteClock "00:45:28"]
[BlackClock "00:57:47"]
[PlyCount "67"]
[WhiteFideId "533043809"]
[BlackFideId "533043647"]
[EventCountry "GER"]
[EventRounds "9"]
[EventType "swiss"]
[EventDate "2025.06.07"]

1. e4 {[%clk 01:30:58]} {[%emt 00:00:02]} e6 {[%clk 01:30:56]} {[%emt
00:00:05]} 2. d4 {[%clk 01:31:21]} {[%emt 00:00:06]} d5 {[%clk 01:31:22]}
{[%emt 00:00:05]} 3. e5 {[%clk 01:31:44]} {[%emt 00:00:06]} c5 {[%clk
01:31:48]} {[%emt 00:00:04]} 4. Nf3 {[%clk 01:32:00]} {[%emt 00:00:14]} Bd7
{[%clk 01:32:01]} {[%emt 00:00:17]} 5. Bd3 {[%clk 01:30:59]} {[%emt 00:01:32]}
cxd4 {[%clk 01:31:59]} {[%emt 00:00:33]} 6. Nxd4 {[%clk 01:30:49]} {[%emt
00:00:39]} Ne7 {[%clk 01:32:03]} {[%emt 00:00:26]} 7. O-O {[%clk 01:30:33]}
{[%emt 00:00:45]} Ng6 {[%clk 01:32:04]} {[%emt 00:00:30]} 8. Re1 {[%clk
01:29:51]} {[%emt 00:01:11]} Bc5 {[%clk 01:32:10]} {[%emt 00:00:19]} 9. Nf3
{[%clk 01:29:49]} {[%emt 00:00:37]} Nc6 {[%clk 01:32:00]} {[%emt 00:00:41]} 10.
Bxg6 {[%clk 01:21:45]} {[%emt 00:08:33]} hxg6 {[%clk 01:32:23]} {[%emt
00:00:07]} 11. Nc3 {[%clk 01:21:21]} {[%emt 00:00:54]} Qb6 {[%clk 01:29:16]}
{[%emt 00:03:34]} 12. Rf1 {[%clk 01:20:23]} {[%emt 00:01:31]} O-O-O {[%clk
01:28:46]} {[%emt 00:01:01]} 13. Na4 {[%clk 01:18:06]} {[%emt 00:02:47]} Qa5
{[%clk 01:27:46]} {[%emt 00:01:28]} 14. Nxc5 {[%clk 01:17:51]} {[%emt
00:00:46]} Qxc5 {[%clk 01:28:08]} {[%emt 00:00:08]} 15. a3 {[%clk 01:17:25]}
{[%emt 00:00:57]} Qa5 {[%clk 01:26:06]} {[%emt 00:02:30]} 16. Bd2 {[%clk
01:15:58]} {[%emt 00:01:58]} Qc7 {[%clk 01:26:23]} {[%emt 00:00:12]} 17. Re1
{[%clk 01:15:35]} {[%emt 00:00:54]} Rh5 {[%clk 01:23:19]} {[%emt 00:03:34]} 18.
Qe2 {[%clk 01:10:30]} {[%emt 00:05:24]} Rdh8 {[%clk 01:19:30]} {[%emt
00:04:30]} 19. h3 {[%clk 01:09:54]} {[%emt 00:01:06]} Qd8 {[%clk 01:18:37]}
{[%emt 00:01:23]} 20. b4 {[%clk 01:08:29]} {[%emt 00:01:55]} g5 {[%clk
01:16:41]} {[%emt 00:02:26]} 21. Nh2 {[%clk 01:05:08]} {[%emt 00:03:52]} f5
{[%clk 01:11:57]} {[%emt 00:05:14]} 22. exf6 {[%clk 01:01:13]} {[%emt
00:04:25]} Qxf6 {[%clk 01:11:19]} {[%emt 00:01:06]} 23. c4 {[%clk 00:59:21]}
{[%emt 00:02:23]} Kb8 {[%clk 01:04:52]} {[%emt 00:06:58]} 24. a4 {[%clk
00:52:59]} {[%emt 00:06:51]} Qg6 {[%clk 01:03:56]} {[%emt 00:01:26]} 25. b5
{[%clk 00:52:29]} {[%emt 00:01:00]} Nd4 {[%clk 01:04:16]} {[%emt 00:00:11]} 26.
Qe5+ {[%clk 00:52:11]} {[%emt 00:00:47]} Kc8 {[%clk 01:03:49]} {[%emt
00:00:57]} 27. Qxd4 {[%clk 00:52:31]} {[%emt 00:00:10]} e5 {[%clk 01:03:09]}
{[%emt 00:01:10]} 28. Qc5+ {[%clk 00:50:26]} {[%emt 00:02:35]} Kd8 {[%clk
01:01:08]} {[%emt 00:02:31]} 29. Qxd5 {[%clk 00:49:36]} {[%emt 00:01:20]} g4
{[%clk 01:00:42]} {[%emt 00:00:56]} 30. Ba5+ {[%clk 00:45:03]} {[%emt
00:05:03]} b6 {[%clk 01:00:00]} {[%emt 00:01:12]} 31. Rad1 {[%clk 00:44:47]}
{[%emt 00:00:46]} Qf5 {[%clk 00:59:52]} {[%emt 00:00:38]} 32. Rxe5 {[%clk
00:44:52]} {[%emt 00:00:25]} Kc8 {[%clk 00:57:29]} {[%emt 00:02:52]} 33. Rxf5
{[%clk 00:45:11]} {[%emt 00:00:11]} Bxf5 {[%clk 00:57:47]} {[%emt 00:00:12]}
34. Qa8+ {[%clk 00:45:28]} {[%emt 00:00:14]} 1-0